Statistics for Biggest Cities of Prussia in 1850 with a Map

Click here to take the quiz!

General Stats

  • This quiz has been taken 790 times
  • The average score is 20 of 73

Answers on the Map

Answers color-coded by a green-red scale on the quiz's map according to % correct below.
 

Answer Stats

PopulationCity% Correct
437kBerlin
99%
64kDanzig
(Gdańsk)
89%
110kCologne
85%
76kKönigsberg
(Kaliningrad)
83%
41kDüsseldorf
76%
114kBreslau
(Wrocław)
69%
31kFrankfurt an der Oder
69%
15kDortmund
67%
31kPotsdam
67%
52kAachen
64%
18kBonn
61%
40kPosen
(Poznań)
58%
48kStettin
(Szczecin)
56%
72kMagdeburg
53%
11kMemel
(Klaipėda)
48%
22kMünster
48%
15kDuisburg
46%
10kBielefeld
43%
20kBrandenburg an der Havel
41%
32kErfurt
40%
19kTrier
39%
35kHalle
35%
10kOppeln
(Opole)
29%
22kKoblenz
28%
18kStralsund
27%
15kLeverkusen
23%
22kElbing
(Elbląg)
22%
13kGreifswald
22%
10kPaderborn
22%
13kThorn
(Toruń)
22%
13kBromberg
(Bydgoszcz)
21%
10kCharlottenburg
21%
36kCrefeld
(Krefeld)
21%
14kKöslin
(Koszalin)
18%
15kLiegnitz
(Legnica)
17%
16kGörlitz
16%
14kBurg
14%
11kGrünberg in Schlesien
(Zielona Góra)
14%
12kGlogau
(Głogów)
13%
12kSpandau
13%
10kWittenberg
13%
12kLandsberg an der Warthe
(Gorzów Wielkopolski)
12%
10kMinden
12%
10kMülheim an der Ruhr
12%
12kRemscheid
12%
14kTilsit
(Sovetsk)
12%
12kStargard in Pommern
(Stargard)
11%
36kBarmen
9%
47kElberfeld
9%
12kGraudenz
(Grudziadz)
9%
20kHalberstadt
9%
20kKönigshütte
(Chorzów)
9%
12kKüstrin
(Kostrzyn nad Odrą)
9%
15kLissa
(Leszno)
9%
17kWesel
9%
13kBrieg
(Brzeg)
8%
11kIserlohn
8%
11kMerseburg
8%
13kNeisse
(Nysa)
8%
14kQuedlinburg
8%
26kCoesfeld
7%
10kEschweiler
7%
12kEupen
7%
14kNordhausen
7%
12kViersen
7%
10kEisleben
6%
12kGuben
(Gubin)
6%
13kNaumburg
6%
12kPrenzlau
6%
12kAschersleben
5%
10kRawitsch
(Rawicz)
5%
12kZeitz
5%
10kEilenburg
4%

Score Distribution

Percentile by Number Answered

Percent of People with Each Score

Your Score History

You have not taken this quiz